Individual and organizational factors surrounding top executive turnover /

Bibliographic Details
Main Author: Brecht-Bergen, Stephanie, (Author)
Format: eBook
Language:English
Published: Berlin, Germany : Logos Verlag Berlin, 2018.
Subjects:
Online Access:Click to View
LEADER 01532nam a2200361 i 4500
001 EBC5412740
003 MiAaPQ
005 20200520144314.0
006 m o d |
007 cr cnu||||||||
008 180629s2018 gw o 000 0 eng d
020 |z 9783832546731 
020 |a 9783832591021 (e-book) 
035 |a (MiAaPQ)EBC5412740 
035 |a (Au-PeEL)EBL5412740 
035 |a (OCoLC)1041071083 
040 |a MiAaPQ  |b eng  |e rda  |e pn  |c MiAaPQ  |d MiAaPQ 
050 4 |a HF5429  |b .B743 2018 
082 0 |a 658.87  |2 23 
100 1 |a Brecht-Bergen, Stephanie,  |e author. 
245 1 0 |a Individual and organizational factors surrounding top executive turnover /  |c Stephanie Brecht-Bergen. 
264 1 |a Berlin, Germany :  |b Logos Verlag Berlin,  |c 2018. 
300 |a 1 online resource (226 pages) 
336 |a text  |b txt  |2 rdacontent 
337 |a computer  |b c  |2 rdamedia 
338 |a online resource  |b cr  |2 rdacarrier 
588 |a Description based on print version record. 
590 |a Electronic reproduction. Ann Arbor, MI : ProQuest, 2018. Available via World Wide Web. Access may be limited to ProQuest affiliated libraries. 
650 0 |a Turnover (Business) 
655 4 |a Electronic books. 
776 0 8 |i Print version:  |a Brecht-Bergen, Stephanie.  |t Individual and organizational factors surrounding top executive turnover.  |d Berlin, Germany : Logos Verlag Berlin, c2018   |h 226 pages   |z 9783832546731 
797 2 |a ProQuest (Firm) 
856 4 0 |u https://ebookcentral.proquest.com/lib/matrademy/detail.action?docID=5412740  |z Click to View